Japan Subdivisions - Map Quiz - Statistics

General Stats
  • This quiz has been taken 9 times
  • The average score is 1 of 15
Answers on the Map
Answers color-coded by a green-red scale on the quiz's map according to % correct below.
 
Answer Stats
Answer % Correct
Aichi
40%
Fukui
20%
Fukushima
20%
Hokkaido
20%
Kyoto
20%
Osaka
20%
Gunma
0%
Ibaraki
0%
Iwate
0%
Kanagawa
0%
Miyagi
0%
Saga
0%
Tochigi
0%
Tokyo
0%
Yamagata
0%
No matching quizzes found
Score Distribution
Percent of People with Each Score
Percentile by Number Answered
Your Score History
You have not taken this quiz